000
00326nam a2200145Ia 4500
100
_a
Kristen/ Gerald
942
_c
RB
654
_a
Computer
245
_a
Object orientation : The Kiss method
260
_b
Addison Wesley Pub
_a
Wokingham
_c
1994
082
_a
5.11
_b
KRI
300
_a
487
546
_a
ENGLISH
999
_c
34442
_d
34442